[Event "BEL-ch opB"]
[White "Ingelaere, Frederik"]
[Black "Heukemes, Yorrit"]
[Site "Westerlo"]
[Round "2"]
[Result "1-0"]
[Date "2004.07.??"]
[WhiteElo "1667"]
[BlackElo "1261"]
[PlyCount "79"]
[EventDate "2004.07.??"]
[EventType "swiss"]
[EventRounds "9"]
[EventCountry "BEL"]
[SourceTitle "EXT 2005"]
[Source "ChessBase"]
[SourceDate "2004.11.15"]
[SourceVersion "1"]
[SourceVersionDate "2004.11.15"]
[SourceQuality "1"]

1. e4 e5 2. Nf3 Nc6 3. Bc4 Nf6 4. d4 Nxe4 5. 0-0 d5 6. Bb3 exd4 7. Nxd4 Nxd4 8. Qxd4 Be6 9. Bf4 Nf6 10. Nc3 Be7 11. Nb5 0-0 12. Nxc7 Rc8 13. Nxe6 fxe6 14. Qxa7 b6 15. Rad1 Bc5 16. Qa6 Ne4 17. Be3 Qd6 18. c3 Bxe3 19. fxe3 Qc5 20. Qd3 b5 21. Qd4 Qxd4 22. exd4 Rxf1+ 23. Rxf1 Nd2 24. Rf2 Nxb3 25. axb3 b4 26. Rf3 Rb8 27. Kf1 g6 28. Ke2 Kg7 29. Kd3 bxc3 30. Kxc3 Rc8+ 31. Kd2 h6 32. g4 g5 33. Rc3 Rf8 34. h3 Rf4 35. Rd3 Kg6 36. b4 h5 37. gxh5+ Kxh5 38. b5 Rf8 39. Kc3 Kh4 40. Kb4 1-0

[Event "BEL-ch U16"]
[White "Heukemes, Yorrit"]
[Black "Hardt, Nicolas"]
[Site "Worriken Buetgenbach"]
[Round "6.13"]
[Result "0-1"]
[Date "2004.04.08"]
[WhiteElo "1261"]
[BlackElo "1541"]
[PlyCount "98"]
[EventDate "2004.04.03"]
[EventType "swiss"]
[EventRounds "9"]
[EventCountry "BEL"]
[SourceTitle "EXT 2006"]
[Source "ChessBase"]
[SourceDate "2005.11.24"]
[SourceVersion "1"]
[SourceVersionDate "2005.11.24"]
[SourceQuality "1"]

1. e4 c5 2. Nf3 d6 3. d4 cxd4 4. Nxd4 Nf6 5. Nc3 a6 6. g3 e6 7. Bg2 Be7 8. 0-0 0-0 9. h3 Nbd7 10. g4 e5 11. Nde2 b5 12. Ng3 Bb7 13. Be3 Nb6 14. Bxb6 Qxb6 15. Qd2 Rfd8 16. Rfd1 Qc7 17. Nd5 Nxd5 18. exd5 Rac8 19. Rac1 h6 20. Be4 Bg5 21. Qd3 Bxc1 22. Rxc1 Qc4 23. Nf5 Qxd3 24. Bxd3 Rc7 25. Be4 g6 26. Ne3 Bc8 27. Kh2 Rf8 28. Rg1 Kh8 29. Bd3 Bd7 30. c3 Rg8 31. Rg3 f5 32. gxf5 gxf5 33. Nxf5 Bxf5 34. Bxf5 Rf8 35. Be6 Rxf2+ 36. Kg1 Rf8 37. Rg6 Rg7 38. Rxg7 Kxg7 39. Kg2 e4 40. Bg4 Kf6 41. b3 Ke5 42. c4 bxc4 43. bxc4 Kd4 44. Be2 a5 45. Kg3 e3 46. a3 Rf2 47. Bg4 Kxc4 48. Bf3 Rxf3+ 49. Kxf3 Kd3 0-1

[Event "BEL-ch U16"]
[White "Verlinde, Tieme"]
[Black "Heukemes, Yorrit"]
[Site "Worriken Buetgenbach"]
[Round "1.11"]
[Result "1-0"]
[Date "2004.04.03"]
[WhiteElo "1694"]
[BlackElo "1261"]
[PlyCount "67"]
[EventDate "2004.04.03"]
[EventType "swiss"]
[EventRounds "9"]
[EventCountry "BEL"]
[SourceTitle "EXT 2006"]
[Source "ChessBase"]
[SourceDate "2005.11.24"]
[SourceVersion "1"]
[SourceVersionDate "2005.11.24"]
[SourceQuality "1"]

1. e4 e5 2. Nf3 Nc6 3. Bc4 Nf6 4. Ng5 d5 5. exd5 Na5 6. Bb5+ c6 7. dxc6 bxc6 8. Be2 Bc5 9. c3 Nb7 10. 0-0 0-0 11. d3 Bf5 12. Be3 Bb6 13. Na3 Re8 14. Nc4 c5 15. Qb3 Qc7 16. f3 Rad8 17. Rad1 h6 18. Ne4 Rd7 19. Nxf6+ gxf6 20. Bxh6 Nd6 21. Nxd6 c4+ 22. Kh1 cxb3 23. Nxe8 Qc6 24. f4 Kh7 25. fxe5 Kxh6 26. Rxf5 Qc5 27. Rxf6+ Kg5 28. Rdf1 Qxe5 29. h4+ Kxh4 30. Rh6+ Kg5 31. Rh5+ Kg6 32. Rxe5 Rd8 33. Bh5+ Kh6 34. Bxf7 1-0